The Sociological and Anthropological Study of Globalization and Localization /
Gespeichert in:
| 1. Verfasser: | |
|---|---|
| Format: | Text |
| Schlagworte: | |
| Tags: |
Tag hinzufügen
Keine Tags, Fügen Sie den ersten Tag hinzu!
|
MARC
| LEADER | 00000 a a2200000 04500 | ||
|---|---|---|---|
| 001 | 4701 | ||
| 003 | |||
| 040 | |||
| 100 | |a Schuerkens, Ulrike | ||
| 245 | |a The Sociological and Anthropological Study of Globalization and Localization / |c Ulrike Schuerkens | ||
| 650 | |a GLOBALIZACION | ||
| 650 | |a PLANO LOCAL | ||
| 650 | |a CAMBIO CULTURAL | ||
| 650 | |a SOCIOLOGIA | ||
| 650 | |a ANTROPOLOGIA | ||
| 650 | |a IDENTIDAD CULTURAL | ||
| 650 | |a PLURALISMO CULTURAL | ||
| 773 | |g volumen 51, número 3 -4; páginas 209-222 | ||
| 999 | |c 32281 |d 32281 | ||
